000 00287nam a22001097a 4500
008 160425b xxu||||| |||| 00| 0 eng d
020 _a0534578152
041 _aeng
080 _a612.39
245 1 0 _aNutrition concepts and contriversies:
_cFrances Sizer; Eleanor Whitney;
942 _2udc
_cBK
999 _c1560
_d1560